| 000 | 00535nam a2200169 i 4500 | ||
|---|---|---|---|
| 001 | 149216 | ||
| 003 | ES-MaACL | ||
| 005 | 20230906203013.0 | ||
| 007 | t| | ||
| 008 | 071019s1951 sp ||||1| spa d | ||
| 100 | 1 |
_aVelasco Alfaro, José de. _9113741 |
|
| 245 | 1 | 0 |
_aPoesía _b: gotas de sed / _cJosé de Velasco Alfaro ; prólogo de Javier de Burgos. |
| 260 |
_a[Madrid : _bs.n., _c1951] ( _fGráfs. Victoria) |
||
| 300 |
_a223 p. : _bil. ; _c17 cm. |
||
| 700 | 1 |
_aBurgos, Javier de. _932652 |
|
| 852 |
_aES-MaACL _jD-8319 _bR.31726 |
||
| 999 |
_c149216 _d149216 |
||